[Event "Bern op"]
[Site "Bern"]
[Date "2004.02.14"]
[Round "6"]
[White "Heinatz, Maria"]
[Black "Joris, Pierre"]
[Result "1-0"]
[WhiteElo "1800"]
[BlackElo "1600"]
[PlyCount "89"]
[EventDate "2004.02.??"]
[EventType "swiss"]
[EventRounds "7"]
[EventCountry "SUI"]
[SourceTitle "EXT 2005"]
[Source "ChessBase"]
[SourceDate "2004.11.15"]
[SourceVersion "1"]
[SourceVersionDate "2004.11.15"]
[SourceQuality "1"]

1. e4 c6 2. d4 d5 3. e5 Bf5 4. Nc3 e6 5. g4 Bg6 6. Nf3 Nd7 7. Bd2 c5 8. Be3 a6 9. h4 h5 10. g5 cxd4 11. Bxd4 Ne7 12. Ne2 Nc6 13. c3 Qc7 14. Nf4 Ndxe5 15. Nxe5 Nxe5 16. Nxg6 Nxg6 17. Be2 Nf4 18. Rc1 e5 19. Be3 Nxe2 20. Qxe2 g6 21. Qf3 Rd8 22. Qf6 Rg8 23. Bb6 Qd6 24. Bxd8 Qxd8 25. Qxe5+ Qe7 26. Qxe7+ Kxe7 27. Rd1 Ke6 28. Rh3 Bc5 29. Rhd3 Rd8 30. Ke2 b5 31. Kf3 Ke5 32. Re1+ Kf5 33. Re2 a5 34. Rd1 Rd7 35. b3 Rd8 36. a3 Rd7 37. Re8 Bb6 38. Rde1 Bc7 39. R1e2 Bd6 40. Ra8 Bc7 41. Ra7 f6 42. Ra8 Bb6 43. Rf8 Bd8 44. Ree8 Be7 45. Rf7 1-0

[Event "Bern op"]
[Site "Bern"]
[Date "2004.02.12"]
[Round "2"]
[White "Mullhaupt, Philippe"]
[Black "Joris, Pierre"]
[Result "1-0"]
[WhiteElo "1860"]
[BlackElo "1600"]
[PlyCount "77"]
[EventDate "2004.02.??"]
[EventType "swiss"]
[EventRounds "7"]
[EventCountry "SUI"]
[SourceTitle "EXT 2005"]
[Source "ChessBase"]
[SourceDate "2004.11.15"]
[SourceVersion "1"]
[SourceVersionDate "2004.11.15"]
[SourceQuality "1"]

1. d4 Nf6 2. c4 g6 3. Nc3 Bg7 4. e4 d6 5. Nf3 0-0 6. Be2 Nbd7 7. Bg5 h6 8. Bh4 g5 9. Bg3 Nh5 10. h4 Nxg3 11. fxg3 g4 12. Nh2 h5 13. 0-0 c5 14. d5 Ne5 15. Qd2 f6 16. Nd1 Bd7 17. Rf2 Qe8 18. Nf1 b5 19. cxb5 Bxb5 20. Bxb5 Qxb5 21. Nc3 Qa6 22. Rf5 Rab8 23. Rxh5 Rb6 24. Ne3 Kf7 25. Rf1 Rh8 26. Rxh8 Bxh8 27. b3 Bg7 28. Qd1 Bh6 29. Nxg4 Nxg4 30. Qxg4 Be3+ 31. Kh2 Qxf1 32. Qe6+ Kf8 33. Qc8+ Kg7 34. Qg4+ Kh6 35. Qg8 Qg1+ 36. Kh3 Qh1+ 37. Kg4 Qxg2 38. h5 f5+ 39. exf5 1-0